| 000 | 01481nam a2200325 i 4500 | ||
|---|---|---|---|
| 001 | 162095 | ||
| 003 | ES-MaACL | ||
| 005 | 20250809015522.0 | ||
| 008 | 931025s1880 sp |||| | spa d | ||
| 040 | _cES-MaACL | ||
| 080 | _a34(460)(091) | ||
| 080 | _a94(460)".../0711" | ||
| 100 | 1 |
_aPidal, Pedro José, _d1799-1865 _9174879 _eaut |
|
| 245 | 1 | 0 |
_aLecciones sobre la historia del gobierno y legislación de España : _b(desde los tiempos primitivos hasta la Reconquista) : pronunciadas en el Ateneo de Madrid en los años de 1841 y 1842 / _cpor Pedro José Pidal. |
| 250 | _aAhora por primera vez dadas a luz. | ||
| 260 |
_aMadrid : _b[s.n.], _c1880 _f(Imp. de la Revista de Legislación, a cargo de M. Ramos) |
||
| 300 |
_aXXX, 312 páginas ; _c22 cm. |
||
| 490 | 1 |
_aBiblioteca jurídica de autores españoles ; _v6 |
|
| 530 | _aDisponible en formato digital | ||
| 610 | 2 | 4 |
_aAteneo de Madrid- _vConferencias- _yS.XIX. _91910 |
| 650 | 0 | 4 |
_aDerecho- _zEspaña- _vHistoria _911614 |
| 651 | 4 |
_aEspaña- _xHistoria- _yHasta 414. _9148016 |
|
| 651 | 7 |
_aEspaña- _xHistoria- _y0414-0711, Época visigoda _9162046 |
|
| 830 | 0 |
_aBiblioteca jurídica de autores españoles ; _v6 _9181120 |
|
| 852 |
_aES-MaACL _cSPP2 _jF-14639 _xTela |
||
| 856 |
_uhttps://bvpb.mcu.es/es/consulta/registro.do?id=591911 _yVersión en línea _z(Biblioteca Virtual del Patrimonio Bibliográfico) |
||
| 942 |
_cMONANT _n0 |
||
| 999 |
_c162095 _d162095 |
||